Quizzes
Events
Quiz Creation
Community
Videos
Private Events
Remove Ads
Sign In
Join for FREE
Feedback
Dark Mode
Quiz Categories
Sports
Geography
Music
Movies
Television
Just For Fun
Miscellaneous
History
Literature
Language
Science
Gaming
Entertainment
Religion
Holiday
For Kids
Quiz Lab
Recent
Popular Today
Quiz Kudos Today
Editor Picks
Curator Picks
Quizzes by...
Day
Popularity
Type
Ratings
Length
Year
Community
Subscriptions
Recent Discussions
Orange Saloon
Badges
Playlists
Quests
Create
Leaderboards
Showdown
Live 5
Trivia Bingo
Activity
Puzzle Library
Sporcle Events
Private Events
Virtual Trivia
Globe League
Become a Host
Pub Owners
SporcleCon
Opinionation
Our Games
Videos
Blog
Mobile Apps
Partnerships
Remove Ads and Go Orange
Feedback
Science
Computer
Plants
Astronomy
Chemistry
Elements
Math
Animal
Physics
Anatomy
Biology
Geology
General Science
Science
Computer
Plants
Astronomy
Chemistry
Elements
Math
Animal
Physics
Anatomy
Biology
Geology
General Science
Random Quiz
Search Sporcle
×
Quiz Lab
Quiz Lab
Science
Elements
Type in answers that appear in a list
Type in answers that appear in a list
Classic
Best Score? Go Orange.
Periodic Table Trends Stats
Can you name the Periodic Table Trends?
By
Brandon_Finegold
10m
20 Questions
117 Plays
117 Plays
117 Plays
Comments
Comments
Give Quiz Kudos
Give Quiz Kudos
-
- Ratings
hide this ad
Forced Order
Answers have to be entered in order
Answers have to be entered in order
Random Order
Randomize order of answers
Randomize order of answers
Replay
Link that replays current quiz
Next Quiz
Link to next quiz in quiz playlist
You Got
0%
They Got
Avg Score
46%
Avg Friend Score
Upgrade to see
Score Distribution
Jump to the score distribution portion of the page
Score
0/20
Timer
10:00
0
Plays Today
Question
% Correct
Which has more Ionization Energy?
Xe
75.2%
Which has a larger atomic radius?
Sb
70.9%
Which has more electron affinity?
S
70.9%
Which has a larger atomic radius?
Sn
70.1%
Which has more electron affinity?
Na
69.2%
Which has more ionization energy
Ca
68.4%
How many Valence Electrons?
5
62.4%
What has zero electron affinity?
All noble gases
57.3%
Which has more Z*?
S
53.8%
Something with the same amount of Shielding?
All of Row 3
51.3%
Question
% Correct
An element with a low 1st ionization energy but a high 2nd ionization energy?
Any alkali metal
47%
What is the value of Z?
35
35%
Name an element with the same Z*?
Be, Mg, Sr, Ba, Ra
30.8%
What is the effective nuclear charge?
8
28.2%
What is the value of S?
2
28.2%
Definition of S
shield
25.6%
How many core electrons?
46
24.8%
What is the amount of shielding?
28
21.4%
Definition of Z*
effective nuclear charge
20.5%
Definition of Z
pull of protons
12%
Quiz Playlist
Details
Report
Send in Message
Add To Playlist
Classic:
Type in answers that appear in a list
Forced Order:
Answers have to be entered in order
Random Order:
Randomize order of answers
Last Updated: Feb 16, 2017
Quiz Scoreboard
CHALLENGE
Sign Up to Join the Scoreboard
Show All
Scores
Hide
Comments
May contain spoilers
Recently Published
An Introduction to Baseball
by treessimontrees
Sports
5m
Movies - When Are They Set?
by FPL_Elf
Movies
5m
Popular People in 1961
by mucciniale
History
6m
More to Explore
Quiz From the Vault
Featured Blog Post
Where Did the Easter Bunny Come From?
hide this ad
You Might Also Like...
Tags
Elements Quiz
Periodic Table
Table
trend
Today's Top Quizzes in Science
Browse Science
hide this ad
Today's Top Quizzes in Elements
Browse Elements
Top Contributed Quizzes in Science
1
Quick Pick: 'CI-CJ' Animals
2
Quick Pick: Radians
3
Elements In Images
4
One Thing in Common: Science
5
One Thing in Common: Science III
6
Count to 60
7
One Thing in Common: Science II
8
One Thing in Common: Animals
9
Square Numbers Scrambled (1-50)
10
Order Up: Organs and Body Systems
Explore More
Trending Topics
Crossword
Anime
Kpop
Harry Potter
Marvel
Disney
NBA
NFL
WWE
Pokémon
Puzzle
Song
The Office
Country
Soccer
hide this ad
More By:
Brandon_Finegold
Quiz
Plays
Rating
Category
Featured
Created
Fun with Quantum Numbers
1,028
Science
Apr 5, 2011
Chemistry Smells Unit
362
1.00
Science
Jan 19, 2011
Thermodynamics
198
5.00
Science
Apr 27, 2011
Shapes of molecules
182
5.00
Science
Jan 23, 2011
Lewis Dot Diagrams and Bonding
158
Science
Apr 6, 2011
Go to Creator's Profile
Score Distribution
Quiz Creator Spotlight
Brandon_Finegold
Follow
Send a Message
Quizzes Created
-
Created Quiz Play Count
-
More By This Creator
Popular Quizzes Today
1
Find the Countries of Europe - No Outlines Minefield
2
Find the US States - No Outlines Minefield
3
The Countries of the World
4
Popular People in 1961
5
US States
6
Find the US States
7
1-10 Letter E Words III
8
Risky Map Clicking: Biggest States A-Z
More Science Quizzes
Birds (A-Z)
Published
Trending Quizzes
Risky Map Clicking: Least Populous States A-Z
1-10 Letter F Words
1-10 Letter G Words
Not Quite an Element Typing Challenge
One Thing in Common: United Kingdom
Recently Updated
Leaping Animals
pecheneg
Reality TV Shows (A-Z)
bhenderson79
Rickey Henderson's Hall of Fame Teammates
pecheneg
Champions League XIs: Arsenal
pecheneg
Quick Pick: Celebrities in WWE's Hall of Fame
aduchscher
A-Z Keypad Blitz II
pecheneg
Multiple Oscar Actors
pecheneg
Mystery Phrase Blitz: Oscar 'Best Actors'
pecheneg
F. Scott Fitzgerald Novels
LTH
Pick 3 Villains
ddd62291
Trending Topics
Disney
Harry Potter
Kpop
NBA
Marvel
Crossword
Anime
Country
WWE
Soccer
Pokémon
The Office
Song
NFL
Puzzle
Your Account Isn't Verified!
In order to create a playlist on Sporcle, you need to verify the email address you used during registration. Go to your
Sporcle Settings
to finish the process.
Report this User
Report this user for behavior that violates our
Community Guidelines
.
Details:
Send Report
Go to the Sporcle.com Mobile Site →
Comments